Normal view MARC view

Entry Personal Name

Number of records used in: 1

001 - CONTROL NUMBER

  • control field: 1606

003 - CONTROL NUMBER IDENTIFIER

  • control field: DLC

005 - DATE AND TIME OF LATEST TRANSACTION

  • control field: 20200127142657.0

008 - FIXED-LENGTH DATA ELEMENTS

  • fixed length control field: 030523n| azannaabn |n aaa

010 ## - LIBRARY OF CONGRESS CONTROL NUMBER

  • LC control number: n 2003105618

035 ## - SYSTEM CONTROL NUMBER

  • System control number: (CaEvSKY)skya6917995

040 ## - CATALOGING SOURCE

  • Original cataloging agency: DLC
  • Language of cataloging: eng
  • Transcribing agency: DLC
  • Description conventions: rda
  • Modifying agency: DLC
  • Modifying agency: MX-MoT

100 1# - HEADING--PERSONAL NAME

  • Personal name: Konopaske, Robert

373 ## - ASSOCIATED GROUP

  • Associated group: University of North Carolina at Wilmington
  • Associated group: Texas State University
  • Source of term: naf

375 ## - GENDER

  • Gender: Males
  • Source of term: lcdgt

377 ## - ASSOCIATED LANGUAGE

  • Language code: eng

670 ## - SOURCE DATA FOUND

  • Source citation: Konopaske, Robert. Global management and organizational behavior, 2004:
  • Information found: CIP t.p. (Dr. Robert Konopaske, University of North Carolina at Wilmington)

670 ## - SOURCE DATA FOUND

  • Source citation: Organizational behavior and management, 2013:
  • Information found: CIP t.p. (Robert Konopaske) data view screen (associate professor, McCoy College of Business Administration, Texas State University)

Powered by Koha